[Event "Kennemer Combinatie - Charlois Europoort"]
[Site ""]
[Date "2023.04.22"]
[Round "1.6"]
[White "Honkoop, Gilian"]
[Black "Holwijn, Melvin"]
[Result "1-0"]
[WhiteElo "2223"]
[BlackElo "1940"]

1. d4 {[%clk 01:30:41]} {[%emt 00:01:04]} d5 {[%clk 01:30:12]} {[%emt
00:01:04]} 2. Nf3 {[%clk 01:31:06]} Nf6 {[%clk 01:30:12]} {[%emt 00:00:32]} 3.
c4 {[%clk 01:31:30]} c6 {[%clk 01:30:09]} {[%emt 00:00:32]} 4. Nc3 {[%clk
01:31:53]} dxc4 {[%clk 01:30:00]} {[%emt 00:01:04]} 5. a4 {[%clk 01:32:15]} Be6
{[%clk 01:29:40]} {[%emt 00:00:32]} 6. e4 {[%clk 01:27:31]} {[%emt 00:05:23]}
Na6 {[%clk 01:29:09]} {[%emt 00:01:04]} 7. Ne5 {[%clk 01:21:35]} {[%emt
00:06:26]} Nb4 {[%clk 01:28:59]} {[%emt 00:00:32]} 8. Be3 {[%clk 01:21:49]}
{[%emt 00:00:32]} a5 {[%clk 01:25:54]} {[%emt 00:03:13]} 9. f4 {[%clk
01:08:21]} {[%emt 00:14:29]} g6 {[%clk 01:25:44]} {[%emt 00:00:32]} 10. g4
{[%clk 01:08:12]} {[%emt 00:00:32]} Nxg4 {[%clk 01:15:31]} {[%emt 00:10:44]} 11.
Nxg4 {[%clk 01:06:24]} {[%emt 00:02:09]} Bxg4 {[%clk 01:15:21]} {[%emt
00:00:33]} 12. Qxg4 {[%clk 01:06:43]} {[%emt 00:00:32]} Nc2+ {[%clk 01:15:41]}
13. Kd2 {[%clk 01:07:10]} Nxa1 {[%clk 01:15:11]} {[%emt 00:01:05]} 14. Bxc4
{[%clk 01:07:30]} Qb6 {[%clk 01:14:56]} {[%emt 00:01:04]} 15. Qd1 {[%clk
00:58:44]} {[%emt 00:09:07]} Bg7 {[%clk 01:02:18]} {[%emt 00:13:25]} 16. e5
{[%clk 00:56:00]} {[%emt 00:03:13]} Rd8 {[%clk 00:56:08]} {[%emt 00:06:25]} 17.
Qxa1 {[%clk 00:54:40]} {[%emt 00:01:37]} Rxd4+ {[%clk 00:54:51]} {[%emt
00:02:09]} 18. Kc2 {[%clk 00:51:50]} {[%emt 00:03:13]} O-O {[%clk 00:54:03]}
{[%emt 00:01:04]} 19. Qg1 {[%clk 00:48:27]} {[%emt 00:04:18]} c5 {[%clk
00:54:15]} 20. Bxd4 {[%clk 00:48:29]} {[%emt 00:00:32]} cxd4 {[%clk 00:54:30]}
{[%emt 00:00:32]} 21. Nb5 {[%clk 00:47:37]} {[%emt 00:01:04]} Rc8 {[%clk
00:52:55]} {[%emt 00:02:08]} 22. b3 {[%clk 00:47:23]} {[%emt 00:00:32]} Bh6
{[%clk 00:52:01]} {[%emt 00:01:37]} 23. Qxd4 {[%clk 00:43:53]} {[%emt
00:03:45]} Qxd4 {[%clk 00:50:21]} {[%emt 00:02:09]} 24. Nxd4 {[%clk 00:44:20]}
{[%emt 00:00:02]} Bxf4 {[%clk 00:50:35]} {[%emt 00:00:31]} 25. Nf3 {[%clk
00:44:21]} {[%emt 00:00:32]} e6 {[%clk 00:50:18]} {[%emt 00:00:32]} 26. Kd3
{[%clk 00:40:53]} {[%emt 00:04:17]} Rd8+ {[%clk 00:48:22]} {[%emt 00:02:09]} 27.
Ke4 {[%clk 00:41:17]} {[%emt 00:00:01]} Bh6 {[%clk 00:48:31]} {[%emt 00:00:31]}
28. Rf1 {[%clk 00:41:08]} {[%emt 00:00:32]} Bd2 {[%clk 00:43:17]} {[%emt
00:05:54]} 29. Rf2 {[%clk 00:37:31]} {[%emt 00:04:17]} Bh6 {[%clk 00:40:24]}
{[%emt 00:03:14]} 30. Nd4 {[%clk 00:36:15]} {[%emt 00:01:37]} Bf8 {[%clk
00:40:25]} {[%emt 00:00:32]} 31. Rc2 {[%clk 00:35:35]} {[%emt 00:01:05]} Bb4
{[%clk 00:39:49]} {[%emt 00:01:04]} 32. Bd3 {[%clk 00:35:21]} {[%emt 00:01:04]}
Rd7 {[%clk 00:38:10]} {[%emt 00:02:09]} 33. Rc8+ {[%clk 00:31:19]} {[%emt
00:04:18]} Kg7 {[%clk 00:38:27]} {[%emt 00:00:32]} 34. Nc2 {[%clk 00:31:45]}
Bf8 {[%clk 00:36:20]} {[%emt 00:02:41]} 35. Ne3 {[%clk 00:31:37]} {[%emt
00:00:32]} b6 {[%clk 00:35:59]} {[%emt 00:00:32]} 36. Rc4 {[%clk 00:24:45]}
{[%emt 00:07:30]} h5 {[%clk 00:34:34]} {[%emt 00:02:09]} 37. Nc2 {[%clk
00:24:16]} {[%emt 00:01:05]} Bc5 {[%clk 00:34:32]} {[%emt 00:00:32]} 38. Nd4
{[%clk 00:24:00]} {[%emt 00:00:32]} Kh6 {[%clk 00:33:54]} {[%emt 00:01:04]} 39.
Nb5 {[%clk 00:09:57]} {[%emt 00:14:29]} g5 {[%clk 00:31:44]} {[%emt 00:02:41]}
40. Rc1 {[%clk 00:07:12]} {[%emt 00:03:13]} g4 {[%clk 00:31:40]} {[%emt
00:00:32]} 41. Rf1 {[%clk 00:07:19]} {[%emt 00:00:32]} Kg5 {[%clk 00:31:49]}
{[%emt 00:00:32]} 42. Rd1 {[%clk 00:29:57]} {[%emt 00:07:30]} h4 {[%clk
01:01:13]} {[%emt 00:01:04]} 43. Rd2 {[%clk 00:28:49]} {[%emt 00:01:37]} h3
{[%clk 01:00:18]} {[%emt 00:01:37]} 44. Rd1 {[%clk 00:27:20]} {[%emt 00:02:09]}
Kh4 {[%clk 01:00:19]} {[%emt 00:00:32]} 45. Kf4 {[%clk 00:26:37]} {[%emt
00:01:04]} Bf8 {[%clk 00:58:07]} {[%emt 00:02:41]} 46. Be2 {[%clk 00:24:28]}
{[%emt 00:02:41]} Bh6+ {[%clk 00:58:20]} 47. Ke4 {[%clk 00:24:52]} {[%emt
00:00:32]} Rxd1 48. Bxd1 {[%clk 00:25:20]} Bf8 {[%clk 00:53:04]} {[%emt
00:01:37]} 49. Nd4 {[%clk 00:22:22]} {[%emt 00:03:45]} Bc5 {[%clk 00:51:53]}
{[%emt 00:01:36]} 50. Ne2 {[%clk 00:22:35]} {[%emt 00:00:01]} Kg5 {[%clk
00:50:39]} {[%emt 00:02:08]} 51. Ng3 {[%clk 00:19:19]} {[%emt 00:03:45]} Bg1
{[%clk 00:47:15]} {[%emt 00:03:46]} 52. Nf1 {[%clk 00:19:45]} Bf2 {[%clk
00:35:44]} {[%emt 00:12:20]} 53. Ne3 {[%clk 00:19:00]} {[%emt 00:01:04]} g3 54.
hxg3 {[%clk 00:19:12]} Bxg3 {[%clk 00:36:09]} {[%emt 00:00:02]} 55. Nf1 {[%clk
00:19:07]} {[%emt 00:01:03]} Bf4 {[%clk 00:35:34]} {[%emt 00:01:05]} 56. Be2
{[%clk 00:16:02]} {[%emt 00:03:13]} Bc1 {[%clk 00:34:28]} {[%emt 00:01:36]} 57.
Nh2 {[%clk 00:14:41]} {[%emt 00:02:09]} Kh4 {[%clk 00:34:11]} {[%emt 00:00:32]}
58. Nf1 {[%clk 00:14:33]} {[%emt 00:00:32]} Bb2 {[%clk 00:32:17]} {[%emt
00:02:41]} 59. Bb5 {[%clk 00:13:32]} {[%emt 00:01:36]} Kg5 {[%clk 00:31:42]}
{[%emt 00:01:04]} 60. Be8 {[%clk 00:13:32]} {[%emt 00:00:32]} f5+ {[%clk
00:31:43]} {[%emt 00:00:32]} 61. exf6 {[%clk 00:13:44]} Kxf6 {[%clk 00:31:55]}
{[%emt 00:00:32]} 62. Kf3 {[%clk 00:13:52]} Be5 {[%clk 00:31:05]} {[%emt
00:01:36]} 63. Kg4 {[%clk 00:14:09]} h2 {[%clk 00:31:19]} {[%emt 00:00:32]} 64.
Bc6 {[%clk 00:14:35]} Ke7 {[%clk 00:30:55]} {[%emt 00:00:34]} 65. Kh3 {[%clk
00:14:20]} {[%emt 00:01:03]} Kd6 {[%clk 00:31:15]} 66. Bf3 {[%clk 00:14:49]}
Kc5 {[%clk 00:31:15]} {[%emt 00:00:32]} 67. Nxh2 {[%clk 00:15:14]} Kb4 {[%clk
00:31:08]} {[%emt 00:00:32]} 68. Bd1 {[%clk 00:15:38]} {[%emt 00:00:32]} b5
{[%clk 00:30:04]} {[%emt 00:01:37]} 69. Nf3 {[%clk 00:14:51]} {[%emt 00:01:05]}
Bc3 {[%clk 00:29:41]} {[%emt 00:01:04]} 70. Kg4 {[%clk 00:15:02]} bxa4 71. bxa4
{[%clk 00:15:30]} Kc5 {[%clk 00:29:43]} {[%emt 00:00:32]} 72. Kf4 {[%clk
00:15:36]} {[%emt 00:00:32]} Bb2 {[%clk 00:27:31]} {[%emt 00:02:41]} 73. Ke4
{[%clk 00:15:51]} Bf6 {[%clk 00:27:00]} {[%emt 00:01:04]} 74. Ne5 {[%clk
00:15:40]} {[%emt 00:00:32]} Bd8 {[%clk 00:23:55]} {[%emt 00:03:45]} 75. Nd3+
{[%clk 00:15:51]} {[%emt 00:00:32]} Kd6 {[%clk 00:24:03]} 76. Bb3 {[%clk
00:16:07]} {[%emt 00:00:32]} Bb6 {[%clk 00:23:26]} {[%emt 00:01:05]} 77. Nf4
{[%clk 00:15:53]} {[%emt 00:00:32]} e5 {[%clk 00:23:45]} {[%emt 00:00:32]} 78.
Nd5 {[%clk 00:16:18]} Bd4 {[%clk 00:23:58]} 79. Ne3 {[%clk 00:16:17]} {[%emt
00:00:32]} Kc5 {[%clk 00:24:03]} {[%emt 00:00:32]} 80. Bd1 {[%clk 00:16:44]}
Bc3 {[%clk 00:23:05]} {[%emt 00:01:37]} 81. Be2 {[%clk 00:17:07]} Bd4 {[%clk
00:22:52]} {[%emt 00:00:32]} 82. Bb5 {[%clk 00:17:24]} {[%emt 00:00:32]} Bc3
{[%clk 00:22:37]} {[%emt 00:00:32]} 83. Nc4 {[%clk 00:17:46]} {[%emt 00:00:01]}
Bb4 {[%clk 00:21:36]} {[%emt 00:01:35]} 84. Nxe5 {[%clk 00:18:03]} {[%emt
00:00:32]} Kb6 {[%clk 00:21:16]} {[%emt 00:00:32]} 85. Kd5 {[%clk 00:18:23]}
{[%emt 00:00:32]} Be1 {[%clk 00:21:06]} {[%emt 00:00:32]} 86. Nc4+ {[%clk
00:18:36]} Kc7 {[%clk 00:21:06]} {[%emt 00:00:32]} 87. Be8 {[%clk 00:18:29]}
{[%emt 00:00:33]} Kd8 {[%clk 00:20:42]} {[%emt 00:01:04]} 88. Bh5 {[%clk
00:18:47]} {[%emt 00:00:32]} Kd7 {[%clk 00:20:06]} {[%emt 00:01:04]} 89. Kc5
{[%clk 00:19:11]} Bb4+ {[%clk 00:19:41]} {[%emt 00:00:32]} 90. Kb5 {[%clk
00:19:29]} {[%emt 00:00:32]} Kc7 {[%clk 00:19:52]} 91. Nxa5 {[%clk 00:19:51]}
{[%emt 00:00:32]} Be1 {[%clk 00:20:13]} 92. Bf3 {[%clk 00:19:39]} {[%emt
00:00:32]} Bf2 {[%clk 00:19:41]} {[%emt 00:01:05]} 93. Nc4 {[%clk 00:19:19]}
{[%emt 00:01:04]} Be1 {[%clk 00:19:38]} {[%emt 00:00:33]} 94. a5 {[%clk
00:19:29]} Bxa5 95. Kxa5 {[%clk 00:19:49]} Kd7 {[%clk 00:20:09]} {[%emt
00:00:32]} 96. Kb5 {[%clk 00:19:24]} {[%emt 00:00:32]} Ke6 {[%clk 00:20:26]}
{[%emt 00:00:32]} 97. Kc5 {[%clk 00:19:39]} Kf5 {[%clk 00:20:45]} 98. Kd5
{[%clk 00:19:51]} {[%emt 00:00:32]} Kf4 {[%clk 00:21:08]} 99. Be4 {[%clk
00:20:13]} {[%emt 00:00:02]} Kg5 {[%clk 00:21:22]} {[%emt 00:00:31]} 100. Ke5
{[%clk 00:20:20]} {[%emt 00:00:32]} Kh5 {[%clk 00:21:18]} {[%emt 00:00:32]} 101.
Ne3 {[%clk 00:19:19]} {[%emt 00:01:36]} Kg5 {[%clk 00:21:36]} 102. Bf5 {[%clk
00:19:29]} {[%emt 00:00:32]} Kh5 {[%clk 00:21:27]} {[%emt 00:00:32]} 103. Ng4
{[%clk 00:18:16]} {[%emt 00:01:37]} Kg5 {[%clk 00:21:44]} 104. Ke4 {[%clk
00:18:34]} {[%emt 00:00:32]} Kh5 {[%clk 00:21:59]} 105. Kf4 {[%clk 00:18:47]}
{[%emt 00:00:32]} Kh4 {[%clk 00:22:22]} 106. Bg6 {[%clk 00:18:49]} {[%emt
00:00:32]} Kh3 {[%clk 00:22:46]} 107. Ne3 {[%clk 00:19:07]} Kh4 {[%clk
00:22:53]} {[%emt 00:00:32]} 108. Ng2 {[%clk 00:19:28]} Kh3 {[%clk 00:23:18]}
{[%emt 00:00:32]} 109. Kf3 {[%clk 00:19:48]} Kh2 {[%clk 00:23:38]} 110. Bf5
{[%clk 00:20:02]} {[%emt 00:00:32]} Kg1 {[%clk 00:23:58]} 111. Ne3 {[%clk
00:20:21]} Kh1 {[%clk 00:24:02]} {[%emt 00:00:32]} 112. Kf2 {[%clk 00:20:35]}
{[%emt 00:00:32]} Kh2 {[%clk 00:24:17]} 113. Nf1 {[%clk 00:20:50]} {[%emt
00:00:32]} 1-0

[Event "Kennemer Combinatie - Charlois Europoort"]
[Site ""]
[Date "2023.04.22"]
[Round "1.7"]
[White "Geirnaert, Steven"]
[Black "Elgersma, Onno"]
[Result "0-1"]
[WhiteElo "2431"]
[BlackElo "2276"]

1. d4 {[%clk 01:30:59]} {[%emt 00:35:39]} Nf6 {[%clk 01:30:41]} 2. c4 {[%clk
01:31:23]} {[%emt 00:00:32]} e6 {[%clk 01:31:02]} 3. Nc3 {[%clk 01:31:49]} d5
{[%clk 01:31:18]} {[%emt 00:00:02]} 4. cxd5 exd5 {[%clk 01:31:42]} 5. Bg5
{[%clk 01:32:36]} c6 {[%clk 01:31:21]} {[%emt 00:01:04]} 6. e3 {[%clk
01:32:57]} Be7 {[%clk 01:27:36]} {[%emt 00:04:18]} 7. Bd3 {[%clk 01:32:25]}
{[%emt 00:01:04]} O-O {[%clk 01:27:52]} 8. Qc2 {[%clk 01:32:47]} {[%emt
00:00:01]} h6 {[%clk 01:28:01]} {[%emt 00:00:31]} 9. Bf4 {[%clk 01:30:52]}
{[%emt 00:02:41]} a5 {[%clk 01:26:26]} {[%emt 00:01:37]} 10. h3 {[%clk
01:31:17]} {[%emt 00:00:33]} Na6 {[%clk 01:21:00]} {[%emt 00:05:53]} 11. a3
{[%clk 01:31:41]} Nc7 {[%clk 01:21:15]} 12. Nf3 {[%clk 01:31:57]} {[%emt
00:00:32]} Ne6 {[%clk 01:19:19]} {[%emt 00:02:09]} 13. Be5 {[%clk 01:32:22]}
{[%emt 00:00:01]} b5 {[%clk 01:07:05]} {[%emt 00:12:51]} 14. O-O {[%clk
01:32:33]} {[%emt 00:00:32]} Bb7 {[%clk 01:06:17]} {[%emt 00:01:04]} 15. e4
{[%clk 01:29:59]} {[%emt 00:03:13]} b4 {[%clk 00:58:54]} {[%emt 00:08:03]} 16.
exd5 {[%clk 01:27:56]} {[%emt 00:02:09]} cxd5 {[%clk 00:56:37]} {[%emt
00:03:13]} 17. Nb5 {[%clk 01:24:30]} {[%emt 00:03:45]} Ne4 {[%clk 00:55:20]}
{[%emt 00:01:37]} 18. Nc7 {[%clk 01:16:33]} {[%emt 00:08:35]} Nxc7 19. Bxc7
{[%clk 01:16:56]} Qc8 {[%clk 00:44:19]} {[%emt 00:02:08]} 20. Rfc1 {[%clk
01:14:34]} {[%emt 00:02:41]} Qe6 {[%clk 00:41:18]} {[%emt 00:03:45]} 21. Qa4
{[%clk 01:12:13]} {[%emt 00:02:43]} Rfc8 {[%clk 00:36:38]} {[%emt 00:04:49]} 22.
Bb5 {[%clk 01:05:39]} {[%emt 00:07:30]} Nc3 {[%clk 00:34:41]} {[%emt 00:02:09]}
23. bxc3 {[%clk 00:55:40]} {[%emt 00:10:43]} Rxc7 {[%clk 00:35:06]} 24. Re1
{[%clk 00:54:37]} {[%emt 00:01:37]} Qd6 {[%clk 00:18:35]} {[%emt 00:17:10]} 25.
cxb4 {[%clk 00:46:01]} {[%emt 00:08:36]} Qb6 {[%clk 00:16:43]} {[%emt
00:02:40]} 26. Bf1 {[%clk 00:42:27]} {[%emt 00:03:45]} axb4 {[%clk 00:16:54]}
{[%emt 00:00:32]} 27. Qb3 {[%clk 00:42:50]} Qa5 {[%clk 00:14:07]} {[%emt
00:03:13]} 28. axb4 {[%clk 00:28:04]} {[%emt 00:15:33]} Qxa1 {[%clk 00:14:20]}
29. Rxa1 {[%clk 00:28:30]} Rxa1 {[%clk 00:14:46]} {[%emt 00:00:31]} 30. g3
{[%clk 00:28:51]} Rcc1 {[%clk 00:14:10]} {[%emt 00:01:04]} 31. Nh2 {[%clk
00:29:12]} Rcb1 {[%clk 00:13:13]} {[%emt 00:01:37]} 32. Qe3 {[%clk 00:29:20]}
{[%emt 00:00:32]} Bxb4 {[%clk 00:12:16]} {[%emt 00:01:04]} 33. Qe8+ {[%clk
00:27:48]} {[%emt 00:02:09]} Bf8 {[%clk 00:12:40]} 34. Kg2 {[%clk 00:28:12]}
{[%emt 00:00:01]} Rc1 {[%clk 00:08:26]} {[%emt 00:04:49]} 35. h4 {[%clk
00:16:18]} {[%emt 00:12:20]} Bc6 {[%clk 00:07:06]} {[%emt 00:02:10]} 36. Qe5
{[%clk 00:13:53]} {[%emt 00:02:41]} Ba4 {[%clk 00:06:59]} {[%emt 00:00:32]} 37.
h5 {[%clk 00:13:07]} {[%emt 00:01:36]} Bc2 {[%clk 00:06:32]} {[%emt 00:01:04]}
38. Qxd5 {[%clk 00:13:27]} Re1 {[%clk 00:04:59]} {[%emt 00:02:09]} 39. f3
{[%clk 00:13:51]} Re7 {[%clk 00:02:06]} {[%emt 00:03:13]} 40. Ng4 {[%clk
00:14:00]} {[%emt 00:00:32]} Rb1 {[%clk 00:00:37]} {[%emt 00:01:38]} 41. Ne5
{[%clk 00:06:29]} {[%emt 00:08:01]} Rb2 {[%clk 00:23:16]} {[%emt 00:08:03]} 42.
Kh3 {[%clk 00:36:47]} Bb3 {[%clk 00:22:33]} {[%emt 00:01:36]} 43. Qe4 {[%clk
00:33:33]} {[%emt 00:03:46]} Bc2 {[%clk 00:18:53]} {[%emt 00:03:46]} 44. Qd5
{[%clk 00:33:47]} {[%emt 00:00:32]} Bb3 {[%clk 00:18:43]} {[%emt 00:00:32]} 45.
Qe4 {[%clk 00:33:56]} {[%emt 00:00:32]} Bc2 {[%clk 00:18:31]} {[%emt 00:00:32]}
46. Qf4 {[%clk 00:32:08]} {[%emt 00:02:09]} Rb6 {[%clk 00:16:03]} {[%emt
00:03:13]} 47. Bc4 {[%clk 00:23:36]} {[%emt 00:09:07]} Rf6 {[%clk 00:16:27]} 48.
Qd2 {[%clk 00:23:54]} Bf5+ {[%clk 00:16:04]} {[%emt 00:01:04]} 49. g4 {[%clk
00:24:11]} Be6 {[%clk 00:15:49]} {[%emt 00:01:04]} 50. Bd3 {[%clk 00:23:40]}
{[%emt 00:01:05]} Bd5 {[%clk 00:15:49]} {[%emt 00:00:32]} 51. Bc2 {[%clk
00:23:49]} Ree6 {[%clk 00:09:02]} {[%emt 00:07:30]} 52. f4 {[%clk 00:22:23]}
{[%emt 00:01:37]} Ra6 {[%clk 00:09:09]} {[%emt 00:00:31]} 53. Nd7 {[%clk
00:19:58]} {[%emt 00:03:14]} Ra3+ {[%clk 00:09:07]} {[%emt 00:00:32]} 54. Kh4
{[%clk 00:19:44]} {[%emt 00:00:32]} Rxf4 {[%clk 00:04:35]} {[%emt 00:04:50]} 55.
Bh7+ {[%clk 00:19:50]} {[%emt 00:00:32]} Kh8 {[%clk 00:04:41]} {[%emt
00:00:32]} 56. Nxf8 {[%clk 00:20:15]} Rf1 {[%clk 00:03:01]} {[%emt 00:02:09]}
57. g5 {[%clk 00:20:37]} hxg5+ {[%clk 00:02:19]} {[%emt 00:01:37]} 58. Kg4
{[%clk 00:17:45]} {[%emt 00:03:14]} Raf3 {[%clk 00:02:34]} 59. Qh2 {[%clk
00:17:45]} {[%emt 00:00:32]} Rf4+ {[%clk 00:02:42]} {[%emt 00:00:32]} 60. Qxf4
{[%clk 00:15:46]} {[%emt 00:02:10]} gxf4 {[%clk 00:03:01]} {[%emt 00:00:31]} 61.
Bd3 {[%clk 00:15:26]} {[%emt 00:00:32]} Rd1 {[%clk 00:03:22]} {[%emt 00:00:32]}
0-1

[Event "Kennemer Combinatie - Charlois Europoort"]
[Site ""]
[Date "2023.04.22"]
[Round "1.8"]
[White "De Wit, Tex"]
[Black "Lecomte, Robin"]
[Result "1-0"]
[WhiteElo "2275"]
[BlackElo "2267"]

1. d4 Nf6 2. Nf3 g6 3. g3 Bg7 4. Bg2 O-O 5. O-O d6 6. b3 e5 7. dxe5 Ng4 8. Bb2
Nc6 9. Qc1 Ngxe5 10. Nxe5 Nxe5 11. c4 Re8 12. Nc3 Rb8 13. Qd2 Be6 14. Rfd1 Nd7
15. Rac1 Qe7 16. h3 a6 17. e3 Rec8 18. Nd5 Qf8 19. Bxg7 Kxg7 20. Qc3+ f6 21.
Rc2 Bxd5 22. cxd5 b6 23. h4 Rd8 24. Qd4 Rb7 25. Rdc1 Rc8 26. Bh3 {[%clk
00:25:19]} Qd8 {[%clk 00:25:11]} 27. Bxd7 {[%clk 00:25:19]} Qxd7 {[%clk
00:25:11]} 28. Rc6 {[%clk 00:25:19]} Kf7 {[%clk 00:25:11]} 29. Qf4 {[%clk
00:25:19]} Re8 {[%clk 00:25:11]} 30. Qc4 {[%clk 00:25:19]} b5 {[%clk 00:25:11]}
31. Qc3 {[%clk 00:25:19]} 1-0

[Event "Kennemer Combinatie - Charlois Europoort"]
[Site ""]
[Date "2023.04.22"]
[Round "1.9"]
[White "Pascual Palomo, Lucia"]
[Black "Vrolijk, Liam"]
[Result "0-1"]
[WhiteElo "2101"]
[BlackElo "2516"]

1. e4 {[%clk 01:30:50]} {[%emt 00:20:59]} e5 {[%clk 01:30:08]} {[%emt
00:00:32]} 2. Nf3 {[%clk 01:30:41]} {[%emt 00:01:05]} Nc6 {[%clk 01:29:48]}
{[%emt 00:00:32]} 3. d4 exd4 {[%clk 01:30:06]} 4. Nxd4 {[%clk 01:30:56]} {[%emt
00:00:32]} Qf6 {[%clk 01:28:51]} {[%emt 00:01:37]} 5. Be3 {[%clk 01:23:48]}
{[%emt 00:07:31]} Bc5 {[%clk 01:27:49]} {[%emt 00:01:36]} 6. c3 {[%clk
01:23:34]} {[%emt 00:01:05]} Nge7 {[%clk 01:27:14]} {[%emt 00:01:04]} 7. Bc4
{[%clk 01:22:28]} {[%emt 00:01:37]} b6 {[%clk 01:24:21]} {[%emt 00:03:13]} 8.
O-O {[%clk 01:16:43]} {[%emt 00:06:26]} Bb7 {[%clk 01:24:20]} {[%emt 00:00:32]}
9. f4 {[%clk 01:05:16]} {[%emt 00:11:48]} Qg6 {[%clk 01:17:22]} {[%emt
00:07:31]} 10. f5 {[%clk 00:44:29]} {[%emt 00:20:55]} Qf6 {[%clk 01:17:02]}
{[%emt 00:01:04]} 11. b4 {[%clk 00:42:55]} {[%emt 00:02:09]} Bd6 {[%clk
01:14:36]} {[%emt 00:02:41]} 12. Nb5 {[%clk 00:37:48]} {[%emt 00:05:53]} Be5
{[%clk 01:11:37]} {[%emt 00:03:13]} 13. Bd4 {[%clk 00:36:58]} {[%emt 00:01:37]}
O-O-O {[%clk 01:10:11]} {[%emt 00:01:37]} 14. Bxe5 {[%clk 00:18:54]} {[%emt
00:18:46]} Nxe5 {[%clk 01:09:03]} {[%emt 00:01:36]} 15. Be2 {[%clk 00:17:46]}
{[%emt 00:01:37]} d5 {[%clk 01:05:07]} {[%emt 00:04:17]} 16. Qa4 {[%clk
00:11:36]} {[%emt 00:06:59]} dxe4 {[%clk 01:03:19]} {[%emt 00:02:08]} 17. Qxa7
{[%clk 00:11:26]} {[%emt 00:00:32]} Qg5 {[%clk 01:02:03]} {[%emt 00:02:08]} 18.
Kh1 {[%clk 00:07:38]} {[%emt 00:04:18]} e3 {[%clk 01:01:16]} {[%emt 00:01:04]}
19. Rf3 {[%clk 00:02:35]} {[%emt 00:05:23]} Nxf3 {[%clk 01:01:14]} {[%emt
00:00:32]} 20. gxf3 {[%clk 00:02:41]} {[%emt 00:00:32]} Nxf5 {[%clk 00:58:31]}
{[%emt 00:03:13]} 21. Nd4 {[%clk 00:00:55]} {[%emt 00:02:09]} Nh4 {[%clk
00:57:37]} {[%emt 00:01:37]} 0-1

[Event "Meesterklasse; Amevo Apeldoorn - LSG"]
[Site "Bunschoten-Spakenburg, Netherlands"]
[Date "2023.04.22"]
[Round "1.1"]
[White "Van Haastert, Edwin"]
[Black "Kasimdzhanov, Rustam"]
[Result "0-1"]
[WhiteElo "2430"]
[BlackElo "2667"]

1. e4 {[%clk 01:30:57]} {[%emt 00:00:02]} e5 {[%clk 01:30:55]} {[%emt
00:00:05]} 2. Nf3 {[%clk 01:31:21]} {[%emt 00:00:06]} Nc6 {[%clk 01:31:20]}
{[%emt 00:00:05]} 3. Nc3 {[%clk 01:31:43]} {[%emt 00:00:09]} Nf6 {[%clk
01:31:45]} {[%emt 00:00:05]} 4. d4 {[%clk 01:32:06]} {[%emt 00:00:06]} exd4
{[%clk 01:32:10]} {[%emt 00:00:05]} 5. Nxd4 {[%clk 01:32:31]} {[%emt 00:00:05]}
Nxe4 {[%clk 01:32:32]} {[%emt 00:00:09]} 6. Nxc6 {[%clk 01:32:39]} {[%emt
00:00:23]} Nxc3 {[%clk 01:28:59]} {[%emt 00:04:03]} 7. Nxd8 {[%clk 01:32:56]}
{[%emt 00:00:12]} Nxd1 {[%clk 01:29:24]} {[%emt 00:00:05]} 8. Nxf7 {[%clk
01:33:15]} {[%emt 00:00:11]} Kxf7 {[%clk 01:29:45]} {[%emt 00:00:09]} 9. Bc4+
{[%clk 01:33:37]} {[%emt 00:00:09]} Kf6 {[%clk 01:27:29]} {[%emt 00:02:45]} 10.
Kxd1 {[%clk 01:33:40]} {[%emt 00:00:27]} c6 {[%clk 01:26:42]} {[%emt 00:01:17]}
11. Be3 {[%clk 01:33:55]} {[%emt 00:00:15]} d5 {[%clk 01:26:34]} {[%emt
00:00:38]} 12. Bd3 {[%clk 01:34:19]} {[%emt 00:00:07]} b6 {[%clk 01:18:17]}
{[%emt 00:08:47]} 13. a4 {[%clk 01:32:40]} {[%emt 00:02:10]} Bc5 {[%clk
01:15:49]} {[%emt 00:02:57]} 14. Re1 {[%clk 01:30:34]} {[%emt 00:02:36]} a5
{[%clk 01:03:05]} {[%emt 00:13:14]} 15. Kd2 {[%clk 01:21:32]} {[%emt 00:09:32]}
Bd7 {[%clk 01:01:44]} {[%emt 00:01:51]} 16. Bxc5 {[%clk 01:01:23]} {[%emt
00:20:40]} bxc5 {[%clk 01:02:03]} {[%emt 00:00:10]} 17. Re3 {[%clk 01:01:47]}
{[%emt 00:00:06]} c4 {[%clk 00:59:58]} {[%emt 00:02:35]} 18. Be2 {[%clk
00:57:23]} {[%emt 00:04:55]} Rae8 {[%clk 00:50:50]} {[%emt 00:09:37]} 19. Rxe8
{[%clk 00:48:00]} {[%emt 00:09:54]} Rxe8 {[%clk 00:50:37]} {[%emt 00:00:42]} 20.
Ra3 {[%clk 00:42:53]} {[%emt 00:05:37]} Rb8 {[%clk 00:40:00]} {[%emt 00:11:07]}
21. Rf3+ {[%clk 00:42:46]} {[%emt 00:00:38]} Ke7 {[%clk 00:39:52]} {[%emt
00:00:37]} 22. b3 {[%clk 00:42:57]} {[%emt 00:00:20]} cxb3 {[%clk 00:38:29]}
{[%emt 00:01:52]} 23. cxb3 {[%clk 00:39:58]} {[%emt 00:03:30]} Be6 {[%clk
00:34:02]} {[%emt 00:04:57]} 24. Bd1 {[%clk 00:35:52]} {[%emt 00:04:36]} d4
{[%clk 00:28:28]} {[%emt 00:06:03]} 25. Rg3 {[%clk 00:35:44]} {[%emt 00:00:38]}
g6 {[%clk 00:27:46]} {[%emt 00:01:12]} 26. h4 {[%clk 00:33:02]} {[%emt
00:03:13]} Kd6 {[%clk 00:24:51]} {[%emt 00:03:24]} 27. Kc2 {[%clk 00:30:17]}
{[%emt 00:03:15]} Bd5 {[%clk 00:11:56]} {[%emt 00:13:25]} 28. h5 {[%clk
00:26:46]} {[%emt 00:04:01]} Rf8 {[%clk 00:10:28]} {[%emt 00:01:57]} 29. hxg6
{[%clk 00:24:56]} {[%emt 00:02:20]} Rxf2+ {[%clk 00:10:28]} {[%emt 00:00:29]}
30. Kd3 {[%clk 00:25:12]} {[%emt 00:00:15]} hxg6 {[%clk 00:10:22]} {[%emt
00:00:36]} 31. Rxg6+ {[%clk 00:25:20]} {[%emt 00:00:22]} Kc5 {[%clk 00:10:41]}
{[%emt 00:00:10]} 32. g4 {[%clk 00:20:39]} {[%emt 00:05:12]} Rf1 {[%clk
00:07:21]} {[%emt 00:03:50]} 33. Kd2 {[%clk 00:14:11]} {[%emt 00:06:58]} Rg1
{[%clk 00:06:44]} {[%emt 00:01:07]} 34. g5 {[%clk 00:12:15]} {[%emt 00:02:26]}
Rg2+ {[%clk 00:06:08]} {[%emt 00:01:06]} 35. Kd3 {[%clk 00:11:18]} {[%emt
00:01:27]} Rg3+ {[%clk 00:06:17]} {[%emt 00:00:21]} 36. Kd2 {[%clk 00:11:41]}
{[%emt 00:00:07]} Be4 {[%clk 00:04:47]} {[%emt 00:02:00]} 37. Rg8 {[%clk
00:11:00]} {[%emt 00:01:11]} Rg2+ {[%clk 00:04:58]} {[%emt 00:00:19]} 38. Ke1
{[%clk 00:10:55]} {[%emt 00:00:35]} Bd5 {[%clk 00:04:40]} {[%emt 00:00:48]} 39.
Rg7 {[%clk 00:08:53]} {[%emt 00:02:33]} d3 {[%clk 00:03:47]} {[%emt 00:01:22]}
40. Rh7 {[%clk 00:01:42]} {[%emt 00:07:41]} Kd4 {[%clk 00:02:37]} {[%emt
00:01:40]} 0-1